Państwa Ameryki Północnej - quiz na mapie - Statystyki

Ogólne statystyki
  • Ten quiz został rozwiązany 4 588 razy
    4 501 od ostatniego zresetowania
  • Średni wynik to 13 z 23
Odpowiedzi na mapie
Odpowiedzi zakodowano w zielono-czerwonej skali na mapie do tego quizu, zgodnie z poniższymi procentami.
 
Statystyki odpowiedzi
Odpowiedź % Poprawnych
Stany Zjednoczone
93%
Kanada
92%
Meksyk
92%
Kuba
76%
Panama
75%
Bahamy
69%
Haiti
65%
Jamajka
64%
Kostaryka
64%
Belize
63%
Dominikana
63%
Gwatemala
62%
Nikaragua
61%
Salwador
60%
Honduras
55%
Trynidad i Tobago
47%
Barbados
36%
Antiguai Barbuda
34%
Dominika
33%
Grenada
30%
Saint Lucia
30%
Saint Vincent i Grenadyny
29%
Saint Kitts i Nevis
26%
Nie znaleziono quizów pasujących do podanych kryteriów
Rozkład punktacji
Procent ludzi z każdym wynikiem
Percentyl według liczby udzielonych odpowiedzi
Twoja historia wyników
Nie rozwiązałeś tego quizu od ostatniego zresetowania